Üdvölet Eperjesről Fő-utczai részlet : Caraffa-vesztőhely

Zobrazenie: Pohľad v bielom orámovaní z výšky na Hlavnú ulicu. Vpravo aj vľavo vidno rady meštianskych budov, pred ktorými sú chodníky lemované mladými listnatými stromami. Uprostred záberu v popredí je súsošie Immaculaty dokola ohraničené múrom s kovovým plotom. Okolo plotu sú nasadené mladé listna...

Full description

Bibliographic Details
Format: Postcard
Language:Hungarian
PhysicalDescription:1 pohľadnica tónovaná do zelena 10 x 15 cm
Published: Eperjes Fénynyomat Dovald műintézetéből [1904?]
Subjects:

MARC

LEADER 00000nkm a2200000 a 4500
001 vtls011834579
003 SK-MaSNL
005 20260512124813.0
007 kp ao
008 230706q1904 xo g kuhun
015 |a SNBG1904 
035 |a urn:nbn:sk:snk-km00dtff 
035 |a urn:nbn:sk:snk-km3luky 
035 |a DB2346C2-FD8B-4322-A083-4994D9E941C1 
040 |a SNK  |b slo  |c SNK  |e AACR2 
041 0 |a hun 
043 |a e-xo--- 
044 |a xo  |c SK 
072 7 |a 913  |x Regionálna geografia  |2 konspekt 
080 |a 913(437.6)  |2 2011 
080 |a 711.73  |2 2011 
080 |a 730  |2 2011 
080 |a 94(084.121)  |2 2011 
245 0 0 |a Üdvölet Eperjesről  |h grafika  |b Fő-utczai részlet : Caraffa-vesztőhely 
260 |a Eperjes  |b Fénynyomat Dovald műintézetéből  |c [1904?] 
300 |a 1 pohľadnica  |b tónovaná do zelena  |c 10 x 15 cm 
500 |a Názvové údaje prevzaté z obrazovej časti pohľadnice 
520 8 |a Zobrazenie: Pohľad v bielom orámovaní z výšky na Hlavnú ulicu. Vpravo aj vľavo vidno rady meštianskych budov, pred ktorými sú chodníky lemované mladými listnatými stromami. Uprostred záberu v popredí je súsošie Immaculaty dokola ohraničené múrom s kovovým plotom. Okolo plotu sú nasadené mladé listnaté stromy. Pred súsoším stojí niekoľko ľudí. V spodnej a pravej časti po celej šírke výške pohľadnice sa nachádza biely rámček na správu 
650 0 7 |a ulice  |2 SNKPH  |9 2938 
650 0 7 |a súsošia  |2 SNKPH  |9 81386 
651 7 |a Prešov (Slovensko)  |2 SNKPHgeo  |9 17347 
655 7 |a miestne pohľadnice  |2 SNKPH  |9 70510 
655 7 |a historické pohľadnice  |2 SNKPH  |9 159703 
752 |a Slovensko  |d Prešov 
852 |a Slovenská národná knižnica 
958 |a GBN 
958 |a GC 
958 |a ONDV 
999 |c 947516  |d 949446 
952 |a SNK  |b SNK  |y PREZ  |7 0  |p 17A1210547  |o snkSP 30994  |z Pohľadnica prešla poštou.  |0 0  |1 0  |4 0  |d 2019-01-16  |f 1  |l 0  |r 2026-02-24 09:38:24  |w 2026-02-24